[Event "5th Marseille Open"]
[Site "Marseille FRA"]
[Date "2012.12.26"]
[Round "5.51"]
[White "Baroyan,Davit"]
[Black "Mzembaba,Nasser"]
[Result "1-0"]
[WhiteElo "1447"]
[BlackElo "1621"]

1.e4 c5 2.Nf3 d6 3.d4 cxd4 4.Nxd4 Nf6 5.Nc3 a6 6.f3 g6 7.Be3 Bg7 8.Qd2 O-O
9.Be2 Nbd7 10.O-O-O b5 11.Nc6 Qe8 12.Nd5 Nxd5 13.Qxd5  1-0

[Event "5th Marseille Open"]
[Site "Marseille FRA"]
[Date "2012.12.28"]
[Round "5.51"]
[White "Baroyan,Davit"]
[Black "Mzembaba,Nasser"]
[Result "1-0"]
[WhiteElo "1447"]
[BlackElo "1621"]

1.e4 c5 2.Nf3 d6 3.d4 cxd4 4.Nxd4 Nf6 5.Nc3 a6 6.f3 g6 7.Be3 Bg7 8.Qd2 O-O
9.Be2 Nbd7 10.O-O-O b5 11.Nc6 Qe8 12.Nd5 Nxd5 13.Qxd5 Bb7 14.Nxe7+ Qxe7 15.Qxb7 Qe6
16.Qd5 Qf6 17.Bd4 Ne5 18.g3 Qe7 19.f4 Bh6 20.Kb1 Nd7 21.Bc3 Nc5 22.Bf3 Rad8
23.Bb4 Nb7 24.e5 a5 25.Qxb7 Qxb7 26.Bxb7 axb4 27.Rxd6 Rxd6 28.exd6 Rd8 29.Rd1 Bf8
30.d7 Be7 31.Bc6 Rb8 32.Rd5 Kf8 33.Rxb5  1-0

[Event "11th Gibraltar Masters"]
[Site "Caleta ENG"]
[Date "2013.01.22"]
[Round "1.79"]
[White "Kriebel,T"]
[Black "Nwachukwu,Chino"]
[Result "1-0"]
[WhiteElo "2369"]
[BlackElo "1962"]

1.e4 c5 2.Nf3 d6 3.d4 cxd4 4.Nxd4 Nf6 5.Nc3 a6 6.Be3 Ng4 7.Bc1 Nf6 8.f3 e5
9.Nb3 Be6 10.Be3 d5 11.exd5 Nxd5 12.Nxd5 Bxd5 13.c4 Bb4+ 14.Kf2 Be6 15.Qxd8+ Kxd8
16.Nc5 Bxc5 17.Bxc5 Nc6 18.Bb6+ Ke8 19.Bd3 Rc8 20.b3 f5 21.Rhe1 Kf7 22.a3 Kf6
23.Rad1 g5 24.Bf1 h5 25.b4 Ne7 26.Rxe5 Bxc4 27.Ree1 Rhe8 28.Bxc4 Rxc4 29.Rd6+ Kf7
30.Rd7 Rc2+ 31.Kf1 Rc6 32.Rxb7 Re6 33.Bc5 Rxe1+ 34.Kxe1 Ke6 35.Rxe7+ Rxe7
36.Bxe7 Kxe7 37.Kd2 Kd6 38.h4 gxh4 39.f4 Kd5 40.Kd3 Kc6 41.Kc4 Kb6 42.a4 Kc6
43.Kd4 Kd6 44.b5 axb5 45.axb5 h3 46.gxh3 h4 47.Kc4 Ke6 48.Kc5 Kd7 49.Kb6 Kd6
50.Ka7 Kd5 51.b6 Ke4 52.b7 Kxf4 53.b8=Q+ Kf3 54.Qg8  1-0

[Event "18th HIT Open A 2013"]
[Site "Nova Gorica SLO"]
[Date "2013.01.25"]
[Round "1.12"]
[White "Cokan,M"]
[Black "Kersic,M"]
[Result "0-1"]
[WhiteElo "1807"]
[BlackElo "2204"]

1.e4 c5 2.Nf3 d6 3.Nc3 Nf6 4.d4 cxd4 5.Nxd4 a6 6.f3 e5 7.Nb3 Be6 8.Be3 Be7
9.Qd2 Nbd7 10.g4 b5 11.g5 Nh5 12.Nd5 Bxd5 13.exd5 O-O 14.Bd3 Nc5 15.Nxc5 dxc5
16.Be4 Qd6 17.O-O-O c4 18.c3 g6 19.Rhg1 a5 20.Rg4 b4 21.Rh4 bxc3 22.Qxc3 a4
23.Rxh5 gxh5 24.Qc2 a3 25.Bxh7+ Kh8 26.f4 axb2+ 27.Kb1 Qa3 28.Qxc4 Rfc8 29.Qb3 Qxb3
30.axb3  0-1

[Event "Asian Zone 3.3"]
[Site "Tagaytay City PHI"]
[Date "2013.01.27"]
[Round "7.14"]
[White "Bilguun,Sumiya"]
[Black "Nolte,R"]
[Result "0-1"]
[WhiteElo "2213"]
[BlackElo "2460"]

1.e4 c5 2.Nf3 d6 3.d4 cxd4 4.Nxd4 Nf6 5.Nc3 a6 6.f3 e5 7.Nb3 Be6 8.Be3 h5
9.Qd2 Nbd7 10.O-O-O Be7 11.Kb1 b5 12.Bd3 O-O 13.g4 hxg4 14.fxg4 b4 15.Ne2 a5
16.g5 Ng4 17.Rdg1 a4 18.Nbc1 Nxe3 19.Qxe3 Qb6 20.Qd2 Nc5 21.g6 Bf6 22.h4 Rfb8
23.b3 Qa5 24.gxf7+ Kxf7 25.Rf1 Rc8 26.h5 axb3 27.cxb3 Nxb3 28.Nxb3 Bxb3 29.Nc1 Be6
30.h6 Qa3 31.Qb2 Rxc1+ 32.Rxc1 Qxd3+ 33.Ka1 Bxa2 34.Rc7+ Ke6 35.Rc8 Rxc8
36.Qxa2+ b3 37.Qa5 Qd4+  0-1

[Event "18th HIT Open A 2013"]
[Site "Nova Gorica SLO"]
[Date "2013.01.29"]
[Round "7.34"]
[White "Kolsek,Jan"]
[Black "Muradore,Aldo"]
[Result "1-0"]
[WhiteElo "1631"]
[BlackElo "1563"]

1.e4 c5 2.Nf3 d6 3.d4 cxd4 4.Nxd4 Nf6 5.Nc3 a6 6.f3 b5 7.Be3 Bb7 8.Qd2 g6
9.Bh6 Nc6 10.Nxc6 Bxc6 11.Rd1 Qc7 12.Be2 Bxh6 13.Qxh6 O-O-O 14.a4 Qb6 15.axb5 axb5
16.Nd5 Bxd5 17.exd5 Kb8 18.Qd2 Rc8 19.b3 Rc5 20.c4 b4 21.Ra1 Rc7 22.Ra4 Ra7
23.Rxb4 Ra1+ 24.Bd1  1-0

[Event "TCh-CAT Div Hon 2013"]
[Site "Catalonia ESP"]
[Date "2013.02.02"]
[Round "3.9"]
[White "Martinez Ramirez,E"]
[Black "Rafiee,M"]
[Result "1-0"]
[WhiteElo "2302"]
[BlackElo "2148"]

1.e4 c5 2.Nf3 d6 3.d4 cxd4 4.Nxd4 Nf6 5.Nc3 a6 6.f3 e5 7.Nb3 Be6 8.Be3 Be7
9.Qd2 O-O 10.O-O-O b5 11.g4 Nbd7 12.g5 Ne8 13.h4 b4 14.Nd5 Bxd5 15.Qxd5 a5
16.Kb1 a4 17.Nc1 Nc7 18.Qd2 Ne6 19.Bh3 Ndc5 20.Bxe6 Nxe6 21.f4 exf4 22.Bxf4 Nxf4
23.Qxf4 a3 24.b3 Qc7 25.Qd2 Rac8 26.Rh2 d5 27.exd5 Qe5 28.Nd3 Qxd5 29.Re2 Bd6
30.Nc1 Qa8 31.Qd5 Rc6 32.Nd3 Rfc8 33.Rf1 Qa7 34.Ref2 Kh8 35.Rxf7 Qb8 36.Qd4 Bf8
37.Rd7 Rg6 38.Ne5 Re6 39.Nf7+ Kg8 40.Nh6+ Rxh6  1-0

[Event "ch-TUR 2013"]
[Site "Antalya TUR"]
[Date "2013.02.06"]
[Round "7.101"]
[White "Alev,G"]
[Black "Kansal,Evrim"]
[Result "0-1"]
[WhiteElo "1585"]
[BlackElo "1865"]

1.e4 c5 2.Nf3 d6 3.d4 cxd4 4.Nxd4 Nf6 5.Nc3 a6 6.f3 Qb6 7.Bc4 e6 8.Bb3 Nbd7
9.Be3 Nc5 10.Qd2 Qc7 11.g4 b5 12.h4 Bb7 13.h5 h6 14.O-O-O Nxb3+ 15.Nxb3 d5
16.exd5 Nxd5 17.Bd4 Nxc3 18.Bxc3 Bxf3 19.Rhf1 Bxd1 20.Qxd1 b4 21.Bd2 Be7
22.Nd4 Qc4 23.Nb3 O-O 24.Rf4 Qd5 25.Rd4 Qb5 26.Qe1 a5 27.Re4 Bf6 28.Bf4 a4
29.Rxb4 axb3 30.Rxb3 Qa4 31.Rb4 Qxa2 32.Kd2 Rfd8+ 33.Ke3 Bxb2 34.Rb3 Bd4+  0-1

[Event "Novy Bor Open A 2013"]
[Site "Novy Bor CZE"]
[Date "2013.02.13"]
[Round "5"]
[White "Kuchar,Tomas"]
[Black "Ochman,T"]
[Result "1/2-1/2"]
[WhiteElo "1697"]
[BlackElo "1871"]

1.e4 c5 2.Nf3 d6 3.d4 cxd4 4.Nxd4 Nf6 5.Nc3 a6 6.Be3 Ng4 7.Bc1 Nf6 8.f3 e6
9.a4 Bd7 10.a5 Nc6 11.Nb3 b5 12.Be3 Be7 13.Bd3 Ne5 14.O-O Qc8 15.Qe2 Nc4
16.Bxc4 Qxc4 17.Qd3 Rc8 18.Rac1 O-O 19.Bb6 b4 20.Qxc4 Rxc4 21.Ne2 Rcc8 22.Nd2 Bb5
23.Rfe1 d5 24.Nf4 Bd8 25.Bxd8 Rfxd8 26.exd5 Nxd5 27.Nxd5 Rxd5 28.Nb3 Ba4
29.Red1 Rcd8 30.Rxd5 Rxd5 31.c4 bxc3 32.Rxc3 g6 33.Nc5 Bb5 34.b4 Rd2 35.Re3 Kf8
36.h3 Ke7 37.Re1 Rb2 38.Re4 Kd6 39.Rh4 h5 40.Ne4+ Ke7 41.Nc5 f5 42.Rd4 Re2
43.Kh2 e5 44.Rd5 Bc6 45.Rd3 e4 46.fxe4 Bxe4 47.Nxe4 Rxe4 48.Rb3 Kd6 49.b5 axb5
50.Rxb5 Kc7 51.Rb6 g5 52.Rb5 Rf4 53.a6 Ra4 54.Rxf5 Rxa6 55.Rxg5 h4 56.Rg7+ Kd8
57.Rg4 Rh6 58.Re4 Kd7 59.Kg1 Kd6 60.Kf2 Kd5 61.Kf3 Rh7 62.Ra4 Rf7+ 63.Rf4 Rh7
64.Rf5+ Ke6 65.Kg4 Rh8 66.Rb5 Rg8+ 67.Rg5 Rh8 68.g3 hxg3 69.Kxg3 Kf6  1/2-1/2

[Event "ch-ROU 2013"]
[Site "Baile Olanesti ROU"]
[Date "2013.02.21"]
[Round "7.28"]
[White "Coman,L"]
[Black "Giurumia,S"]
[Result "1/2-1/2"]
[WhiteElo "1798"]
[BlackElo "2124"]

1.e4 c5 2.Nf3 d6 3.d4 cxd4 4.Nxd4 Nf6 5.Nc3 a6 6.f3 e6 7.Be3 b5 8.Bd3 Bb7
9.Qd2 Nbd7 10.O-O-O b4 11.Nce2 d5 12.exd5 Nxd5 13.Kb1 Be7 14.Be4 N7f6 15.g4 Nxe4
16.fxe4 Nf6 17.e5 Ne4 18.Qe1 Qc7 19.Bf4 O-O 20.h4 Rac8 21.Rh3 a5 22.g5 Rfd8
23.Rc1 Qc4 24.Nb3 Ba6 25.Re3 a4 26.Nbd4 Qd5 27.Rd1 a3 28.Nc1 axb2 29.Rxe4 bxc1=Q+
30.Bxc1 Bc5 31.Bb2 Bc4 32.Kc1 Qa8 33.Nb3 Bd5 34.Nxc5 Rxc5 35.Rxb4 Qxa2 36.Qe3 Qa5
37.Qa3 Qc7 38.Rd2 Rc8 39.Qd3 Qa5 40.Qa3 Qc7 41.Qd3 g6 42.h5 gxh5 43.Rh2 Bf3
44.Rf4 Bg4 45.Rxg4 hxg4 46.Qxh7+ Kf8 47.Ba3 Ke8 48.Qg8+ Ke7 49.Qg7 Kd7 50.Qxf7+ Kc6
51.Qxe6+ Kb5 52.Bxc5 Qxc5 53.Qb3+ Ka5 54.Rd2 Ka6 55.Rd6+ Ka7 56.Qa4+ Kb8
57.Qb3+ Kc7 58.Qf7+ Kb8 59.Qb3+ Kc7 60.Rd5 Qg1+ 61.Rd1 Qc5 62.e6 Qxg5+ 63.Rd2 Rd8
64.Qc3+ Kb7 65.Kd1 Rxd2+ 66.Qxd2 Qxd2+ 67.Kxd2 Kc6 68.Ke3 Kd6 69.e7 Kxe7
70.Kf4  1/2-1/2

[Event "29th Open"]
[Site "Cappelle la Grande FRA"]
[Date "2013.02.23"]
[Round "1.53"]
[White "Fuchs,Ju"]
[Black "Popilski,G"]
[Result "0-1"]
[WhiteElo "2292"]
[BlackElo "2518"]

1.e4 c5 2.Nf3 d6 3.d4 cxd4 4.Nxd4 Nf6 5.Nc3 a6 6.f3 e5 7.Nb3 Be6 8.Be3 h5
9.Nd5 Bxd5 10.exd5 Nbd7 11.Qd2 Qc7 12.c4 a5 13.Rc1 g6 14.Bd3 Bg7 15.O-O O-O
16.Qf2 Kh7 17.g4 e4 18.Be2 exf3 19.Bxf3 hxg4 20.Qh4+ Kg8 21.Bg2 Rae8 22.Bd4 a4
23.Nd2 Re2 24.Rcd1 Rfe8 25.Kh1 Qd8 26.Rf4 Qe7 27.Rff1 Nh5 28.Qxg4 Bxd4 29.Qxd4 Qg5
30.Rf2 Ndf6 31.Nf3 Qh6 32.Rxe2 Ng3+  0-1

[Event "TCh-CZE Div1 Vychod 2012-13"]
[Site "Czech Republic CZE"]
[Date "2013.02.24"]
[Round "8.8"]
[White "Vyslouzil,L"]
[Black "Konvicka,Martin"]
[Result "1/2-1/2"]
[WhiteElo "1860"]
[BlackElo "1987"]

1.e4 c5 2.Nf3 d6 3.d4 cxd4 4.Nxd4 Nf6 5.Nc3 a6 6.f3 e5 7.Nb3 Be6 8.Be3 Be7
9.Be2 O-O 10.O-O Nbd7 11.Nd5 Bxd5 12.exd5 b5 13.a4 Nb6 14.axb5 Nbxd5 15.Bf2 axb5
16.Rxa8 Qxa8 17.Bxb5 Rc8 18.Qd2 Qa2 19.Qc1 Nb4 20.Na1 d5 21.Be1 d4 22.Bxb4 Bxb4
23.Qb1 Qa7 24.Bd3 Nd5 25.Nb3 Qb6 26.Qa1 Ne3 27.Rc1 g6 28.Kh1 Qf6 29.c3 Qg5
30.g3 Qh5 31.Nd2 Qh3 32.Bf1 Nxf1 33.Nxf1 dxc3 34.bxc3 Rxc3 35.Rxc3 Bxc3 36.Qd1 Bd4
37.Qe2 h5 38.Nd2 h4 39.Qg2 Qxg2+ 40.Kxg2 hxg3 41.hxg3 Kg7 42.g4 Kf6 43.Ne4+ Ke6
44.Ng5+ Ke7 45.Ne4 Be3 46.Kf1 f5 47.gxf5 gxf5 48.Ng3 Kf6 49.Ke2 Bf4 50.Nh1 Kg5
51.Nf2 Kh4 52.Nd3 Kg3 53.Ne1 Bg5 54.Nd3 Bf6 55.Ne1 Be7 56.Nd3 Bd6 57.Ne1 Bb4
58.Nd3 Bc3 59.Nc5 Kg2 60.Nd3 Bd4 61.Ne1+ Kg1 62.Nd3 f4 63.Ne1 Bb6  1/2-1/2

[Event "TCh-CZE Div1 Zapad 2012-13"]
[Site "Czech Republic CZE"]
[Date "2013.02.24"]
[Round "8.1"]
[White "Klima,L"]
[Black "Bernasek,J"]
[Result "0-1"]
[WhiteElo "2339"]
[BlackElo "2506"]

1.e4 c5 2.Nf3 d6 3.d4 cxd4 4.Nxd4 Nf6 5.Nc3 a6 6.f3 e5 7.Nb3 Be6 8.Be3 Nbd7
9.Qd2 b5 10.g4 Nb6 11.g5 Nfd7 12.Nd5 Bxd5 13.exd5 Rc8 14.Na5 Qc7 15.c4 Nxc4
16.Nxc4 bxc4 17.Rc1 Qb7 18.Bxc4 Be7 19.O-O O-O 20.b4 Bd8 21.Bb3 Bb6  0-1

[Event "I Montcada Closed"]
[Site "Montcada i Reixac ESP"]
[Date "2013.02.24"]
[Round "4.1"]
[White "Martinez Ramirez,E"]
[Black "Panelo,M"]
[Result "1-0"]
[WhiteElo "2302"]
[BlackElo "2429"]

1.e4 c5 2.Nf3 d6 3.d4 cxd4 4.Nxd4 Nf6 5.Nc3 a6 6.f3 e5 7.Nb3 Be6 8.Be3 Nbd7
9.Qd2 Be7 10.O-O-O b5 11.g4 h6 12.Kb1 Rb8 13.Nd5 Bxd5 14.exd5 Qc7 15.Na5 Nb6
16.Nc6 Rc8 17.Nxe7 Kxe7 18.g5 Nfxd5 19.Bxb6 Nxb6 20.gxh6 Rxh6 21.Rg1 Kf8
22.Bd3 Nc4 23.Qg2 g6 24.Bxc4 bxc4 25.f4 Rh5 26.Rgf1 Qc6 27.Qg4 Rf5 28.fxe5 Rxf1
29.Rxf1 dxe5 30.h4 Rb8 31.b3 Rc8 32.Qe2 e4 33.h5 cxb3 34.axb3 gxh5 35.Rh1 e3
36.Rxh5 Qc3 37.Qh2 Rc6 38.Re5 Qe1+ 39.Ka2 Re6 40.Qh8+ Ke7 41.Rd5 Rd6 42.Qe5+ Re6
43.Qg5+ Kf8 44.Rd8+ Re8 45.Qh6+  1-0

[Event "TCh-CAT Div Hon 2013"]
[Site "Catalonia ESP"]
[Date "2013.03.09"]
[Round "8.8"]
[White "Mateu Guiu,E"]
[Black "Tallo Dominguez,I"]
[Result "0-1"]
[WhiteElo "2024"]
[BlackElo "2250"]

1.e4 c5 2.Nf3 d6 3.d4 cxd4 4.Nxd4 Nf6 5.Nc3 a6 6.f3 e5 7.Nb3 Be6 8.Be3 h5
9.Qd2 Nbd7 10.O-O-O Be7 11.Kb1 Qc7 12.Nd5 Bxd5 13.exd5 Nb6 14.Bxb6 Qxb6 15.Na5 Rc8
16.Nc4 Qc5 17.Ne3 g6 18.h4 Bf8 19.Qd3 Bh6 20.Nc4 b5 21.Na3 O-O 22.Be2 Rfe8
23.Rhf1 Bg7 24.Qd2 e4 25.c3 e3 26.Qd4 Qc7 27.Qd3 Nd7 28.Rc1 Nc5 29.Qd1 Qe7
30.g4 Na4 31.Qb3 Qe5 32.f4 Qe4+ 33.Qc2 Qe7 34.Qb3 Rc5 35.gxh5 Rec8 36.hxg6 Nxc3+
37.bxc3 Rxc3 38.gxf7+ Kf8 39.Qb4 a5 40.Rxc3 Rxc3 41.Qb2 Qe4+ 42.Nc2 Rc4 43.Qxg7+ Kxg7
44.Bxc4 bxc4 45.Re1 e2 46.h5 Kxf7 47.Kb2 Kg7 48.Rg1+ Kh6 49.Rg6+ Kxh5 50.Re6 Qd3
51.Re3 Qd2 52.a4 Kg4 53.Re8 Kxf4 54.Re7 Qd3 55.Re8 c3+ 56.Kb3 Qxd5+  0-1

[Event "TCh-SWE Elite 2012-13"]
[Site "Sweden SWE"]
[Date "2013.03.16"]
[Round "8"]
[White "Hagen,Andr"]
[Black "Hedman,E"]
[Result "1/2-1/2"]
[WhiteElo "2416"]
[BlackElo "2373"]

1.e4 c5 2.Nf3 d6 3.d4 cxd4 4.Nxd4 Nf6 5.Nc3 a6 6.f3 e5 7.Nb3 Be7 8.Be3 Be6
9.Qd2 O-O 10.O-O-O a5 11.Kb1 a4 12.Nc1 Ra5 13.Qf2 Nbd7 14.a3 d5 15.exd5 Nxd5
16.Nxd5 Rxd5 17.Rxd5 Bxd5 18.Bb5 Bc6 19.Qe2 Qa5 20.Bxc6 bxc6 21.Qc4 Rb8 22.Rd1 Nf6
23.Ka2 Nd5 24.Bf2 Bf6 25.c3 Qa8 26.Nd3 Qb7 27.Nb4 Be7 28.Bc5 g6 29.Bxe7 Ne3
30.Qxc6 Nxd1 31.Qd6 Ne3 32.Qxe5 Nc4 33.Qd4 Qxe7 34.Qxc4 Qe6 35.Qxe6 fxe6
36.b3 Rd8 37.bxa4 Rd2+ 38.Kb3 Rxg2 39.a5 Rf2 40.a6 Rxf3 41.Kc4 e5 42.a7 Rf8
43.Nc6 Ra8 44.Kd5 g5 45.Kxe5 g4 46.a4 Kf7 47.a5  1/2-1/2

[Event "I Montcada Closed"]
[Site "Montcada i Reixac ESP"]
[Date "2013.03.17"]
[Round "8.1"]
[White "Martinez Ramirez,E"]
[Black "Cruz,Cr"]
[Result "0-1"]
[WhiteElo "2302"]
[BlackElo "2505"]

1.e4 c5 2.Nf3 d6 3.d4 Nf6 4.Nc3 cxd4 5.Nxd4 a6 6.f3 e5 7.Nb3 Be6 8.Be3 Be7
9.Qd2 Nbd7 10.g4 h6 11.O-O-O b5 12.Kb1 b4 13.Nd5 Bxd5 14.exd5 Nb6 15.Na5 Nbxd5
16.Nc6 Qc7 17.Nxe7 Nxe3 18.Qxe3 Qxe7 19.g5 hxg5 20.Qxg5 g6 21.Bc4 d5 22.Bb3 Rd8
23.Qe3 Kf8 24.f4 Rh5 25.Rhf1 e4 26.f5 gxf5 27.c4 bxc3 28.bxc3 Ng4 29.Qb6 e3
30.Rde1 Rd6 31.Qc5 Rd8 32.Qxe7+ Kxe7 33.Bd1 Rd6 34.Bxg4 fxg4 35.Rxe3+ Re6
36.Rg3 f5 37.Rf2 Kf6 38.Kc2 Kg5 39.Rd3 Re5 40.Rd4 Rh3 41.c4 dxc4 42.Rxc4 Ra3
43.Kb2 Rae3 44.Rcc2 f4 45.Kc1 f3 46.Rcd2 Re1+ 47.Kc2 R1e2 48.h3 Rxf2 49.Rxf2 Re2+
50.Rxe2 fxe2  0-1

[Event "6th Montalvo Open"]
[Site "Las Palmas ESP"]
[Date "2013.03.25"]
[Round "1.29"]
[White "Camino Carrio,N"]
[Black "Gonzalez Ortega,Pino"]
[Result "1-0"]
[WhiteElo "2014"]
[BlackElo "1344"]

1.e4 c5 2.Nf3 d6 3.d4 cxd4 4.Nxd4 Nf6 5.Nc3 a6 6.f3 e6 7.Be3 Be7 8.Qd2 Qc7
9.O-O-O Nbd7 10.g4 Ne5 11.g5 Nfd7 12.Kb1 b5 13.f4 Nc4 14.Bxc4 Qxc4 15.f5 e5
16.b3 Qc7 17.Nd5 Qb7 18.Nf3 Qb8 19.Rhf1 Bd8 20.Nh4 Bb7 21.Nf3 Bc6 22.h4 a5
23.h5 Ra6 24.h6 g6 25.Nh4 b4 26.fxg6 hxg6 27.Nf3 Rh7 28.Nh2 Bb7 29.Ng4 Bc8
30.Rf2 Qa8 31.Rdf1 Bb7 32.Rf3 Bxd5 33.exd5 Qb7 34.Qd3 Be7  1-0

[Event "15th Dubai Open 2013"]
[Site "Dubai UAE"]
[Date "2013.04.15"]
[Round "9.33"]
[White "Raes,A"]
[Black "Narayanan,SL"]
[Result "1-0"]
[WhiteElo "2241"]
[BlackElo "2418"]

1.e4 c5 2.Ne2 d6 3.d4 cxd4 4.Nxd4 Nf6 5.f3 a6 6.Nc3 e5 7.Nb3 Be6 8.Be3 h5
9.Qd2 Nbd7 10.O-O-O Rc8 11.Kb1 Be7 12.g3 b5 13.h4 Qc7 14.Nd5 Nxd5 15.exd5 Bf5
16.Bd3 Bxd3 17.Qxd3 Rb8 18.Nd2 a5 19.g4 g6 20.Rdg1 Nf6 21.Bg5 Nd7 22.Ne4 Nc5
23.Qe2 Nxe4 24.fxe4 Qd8 25.Be3 a4 26.Qf3 Rb7 27.Rg2 hxg4 28.Rxg4 Qd7 29.h5 Kd8
30.Rgg1 b4 31.Qxf7 gxh5 32.Rxh5 Rf8 33.Rg8 Qe8 34.Rxf8 Qxf8 35.Qxf8+ Bxf8
36.Kc1 Bg7 37.Rh7 Ke8 38.Kd1 Rf7 39.Ke2 Kf8 40.Bd2 Kg8 41.Rh3 Rb7 42.b3 axb3
43.Rxb3 Rc7 44.Kd3 Ra7 45.Bxb4  1-0

[Event "TCh-HUN 2012-13"]
[Site "Kecskemet HUN"]
[Date "2013.04.21"]
[Round "9"]
[White "Nestorovic,L"]
[Black "Horvath,Zs"]
[Result "0-1"]
[WhiteElo "2384"]
[BlackElo "2400"]

1.e4 c5 2.Nf3 d6 3.d4 cxd4 4.Nxd4 Nf6 5.Nc3 a6 6.f3 e5 7.Nb3 Be6 8.Be3 Be7
9.Qd2 h5 10.O-O-O Nbd7 11.Kb1 Rc8 12.Bd3 b5 13.Qf2 Rxc3 14.bxc3 Qc7 15.g3 d5
16.h3 dxe4 17.fxe4 a5 18.Bd2 a4 19.Nc1 O-O 20.g4 Rb8 21.g5 b4 22.c4 Nh7 23.g6 fxg6
24.Rhg1 Nhf8 25.Bg5 Bd6 26.Be2 Nc5 27.Qe3 Bf7 28.Bxh5 b3 29.cxb3 axb3 30.a3 b2
31.Na2 Rb3 32.Qe2 gxh5 33.Bf6 Ng6 34.Qxh5 Nxe4 35.Bd8 Qxd8 36.Rxg6 Bxg6 37.Qxg6 Qh4
38.Qe6+ Kh8 39.Qc8+ Kh7 40.Qf5+ Kg8 41.Qe6+ Kh7 42.Qf5+ g6 43.Qd7+ Kh6 44.Qc8 Nd2+
45.Kc2 Qe4+ 46.Kxd2 Rd3+ 47.Kc2 Rxd1+  0-1

[Event "48th Capablanca Open II 2013"]
[Site "Havana CUB"]
[Date "2013.04.24"]
[Round "4.34"]
[White "Pich Lopez,Marian Liliam"]
[Black "Parra Gomez,A"]
[Result "0-1"]
[WhiteElo "2000"]
[BlackElo "2130"]

1.e4 c5 2.Nf3 d6 3.d4 cxd4 4.Nxd4 Nf6 5.Nc3 a6 6.f3 e5 7.Nb3 Be6 8.Be3 Be7
9.Be2 O-O 10.O-O d5 11.exd5 Nxd5 12.Nxd5 Bxd5 13.Qe1 Qc7 14.Rd1 Be6 15.Bd3 f5
16.Qa5 Qxa5 17.Nxa5 b5 18.a4 Rc8 19.g4 f4 20.Bf2 Bd7 21.Be4 Bc6 22.Nxc6 Nxc6
23.Rd7 Bf8 24.Rb7 Na5 25.axb5 Nxb7 26.Bd5+ Kh8 27.Bxb7 axb5 28.Rd1 Rd8 29.Rxd8 Rxd8
30.Kf1 Rd2 31.Be4 Bb4 32.Be1 Rd1 33.c3 Be7 34.Ke2 Ra1 35.b4 Ra2+ 36.Bd2 Ra6
37.Kd3 Rd6+ 38.Kc2 Rh6 39.Bd3 Rxh2 40.Bxb5 g6 41.Kd3 h5 42.gxh5 gxh5 43.c4 h4
44.c5 h3 45.Bc3 Bf6 46.Bd7 e4+ 47.fxe4 Bxc3 48.Kxc3 Rc2+ 49.Kxc2 h2 50.c6 h1=Q
51.Bf5 f3  0-1

[Event "14th Euro Indiv 2013"]
[Site "Legnica POL"]
[Date "2013.05.14"]
[Round "9.81"]
[White "Bukavshin,I"]
[Black "Petrisor,A"]
[Result "1-0"]
[WhiteElo "2520"]
[BlackElo "2378"]

1.e4 c5 2.Nf3 d6 3.d4 cxd4 4.Nxd4 Nf6 5.Nc3 a6 6.Be3 Ng4 7.Bc1 Nf6 8.f3 e5
9.Nb3 Be6 10.Be3 Be7 11.Qd2 O-O 12.O-O-O a5 13.Kb1 a4 14.Nc1 a3 15.b3 Ra5
16.Bc4 Nbd7 17.g4 Nb6 18.Be2 d5 19.g5 Nfd7 20.Nb5 Ra6 21.h4 Qc8 22.Nd3 d4
23.Bf2 Nc4 24.bxc4 Bxc4 25.Nxd4 exd4 26.Bxd4 Bxa2+ 27.Ka1 Rc6 28.Rc1 Bc4
29.h5 Bxd3 30.Bxd3 Rd6 31.c3 Nc5 32.Bc2 Ne6 33.e5 Rd7 34.Qd3 g6 35.hxg6 hxg6
36.Bb3 Kg7 37.Bxe6 fxe6 38.Rh6 Rf5 39.Rch1 Qg8 40.f4 Bc5 41.Qh3  1-0

[Event "Asian Continental 2013"]
[Site "Manila PHI"]
[Date "2013.05.19"]
[Round "2.22"]
[White "Bilguun,Sumiya"]
[Black "Debashis,D"]
[Result "1/2-1/2"]
[WhiteElo "2269"]
[BlackElo "2488"]

1.e4 c5 2.Nf3 d6 3.d4 cxd4 4.Nxd4 Nf6 5.Nc3 a6 6.f3 e5 7.Nb3 Be6 8.Be3 Be7
9.Qd2 O-O 10.g4 d5 11.exd5 Nxd5 12.Nxd5 Qxd5 13.Qxd5 Bxd5 14.Bg2 Bh4+ 15.Bf2 Bxf2+
16.Kxf2 Nc6 17.c3 f5 18.gxf5 Rxf5 19.Nd2 Ne7 20.Bh3 Rf6 21.Rhe1 Ng6 22.Kg3 h5
23.Ne4 Bxe4 24.Rxe4 Raf8 25.Bg2 Rd8 26.Bf1 Rd2 27.Bc4+ Kh7 28.Re2 Rdd6 29.a4 Rf5
30.h4 Rf4 31.b3 Rxh4 32.Rxe5 Nxe5 33.Kxh4 Kh6 34.Kg3 Rg6+ 35.Kf2 Nxc4 36.bxc4 Rc6
37.Rb1 Rxc4 38.Rxb7 Rxa4 39.Kg3 g6 40.Rc7 h4+ 41.Kh3 Kh5 42.Rc5+ g5 43.c4 Ra3
44.Kg2 Ra2+ 45.Kg1 Kg6 46.Rd5 h3 47.c5 Rg2+ 48.Kh1 Rf2 49.c6 Rc2 50.Ra5 Rxc6
51.Kh2 Rf6 52.Ra3 a5 53.Kxh3 Rf5 54.Kg3 Kf6 55.Rb3 a4 56.Rb6+ Kg7 57.Ra6 Rf4
58.Ra5 Kf6 59.Ra6+ Kf5 60.Ra5+ Kg6 61.Ra6+ Kh5 62.Ra5 Rc4 63.Ra6 Rb4 64.Kh3  1/2-1/2

[Event "22nd TCh-CRO Cup 2013"]
[Site "Bol na Bracu CRO"]
[Date "2013.05.23"]
[Round "3.51"]
[White "Fercec,N"]
[Black "Djurovic,G"]
[Result "1-0"]
[WhiteElo "2502"]
[BlackElo "2400"]

1.e4 c5 2.Nf3 d6 3.d4 cxd4 4.Nxd4 Nf6 5.Nc3 a6 6.f3 e5 7.Nb3 Be7 8.Be3 Be6
9.Qe2 h5 10.O-O-O Nbd7 11.Kb1 Rc8 12.Qe1 Qc7 13.Bd3 b5 14.Rc1 Nb6 15.Bg5 Na4
16.Nd1 Nd7 17.Bxe7 Kxe7 18.Ne3 Nac5 19.f4 f6 20.Nd5+ Bxd5 21.exd5 Nxb3 22.axb3 Nc5
23.Bf5 Rce8 24.b4 Nb7 25.c4 bxc4 26.Qe4 Kf8 27.Rxc4 Qb6 28.Rhc1 exf4 29.Be6 Nd8
30.Rc8 Qe3 31.Qxe3 fxe3 32.Bd7 Kf7 33.Bxe8+ Rxe8 34.Re1 f5 35.g3 g5 36.Rc3 Re5
37.Rexe3 Rxd5 38.Rcd3 Rxd3 39.Rxd3 Ke6 40.Kc2 Nc6 41.Ra3 Nxb4+ 42.Kd2 g4
43.Ra4 Nc6 44.Rxa6 Ne5 45.Ke3 Nc4+ 46.Kd4 Nd2 47.Ra8 Nf3+ 48.Ke3 h4 49.gxh4 Nxh4
50.b4 Nf3 51.b5 Kd7 52.Ra7+ Kc8 53.Rh7 d5 54.b6 d4+ 55.Kd3 f4 56.Kc4 g3 57.hxg3 fxg3
58.Kb5 Ng5 59.Rc7+ Kb8 60.Re7 g2 61.Kc6 g1=Q 62.Re8+  1-0

[Event "6th Mayors Cup 2013"]
[Site "Mumbai IND"]
[Date "2013.06.02"]
[Round "7"]
[White "Amonatov,F"]
[Black "Andriasian,Z"]
[Result "1/2-1/2"]
[WhiteElo "2616"]
[BlackElo "2608"]

1.e4 c5 2.Nf3 d6 3.d4 cxd4 4.Nxd4 Nf6 5.Nc3 a6 6.Be3 Ng4 7.Bc1 Nf6 8.f3 e5
9.Nb3 Be7 10.Be3 O-O 11.Qd2 Be6 12.O-O-O a5 13.Kb1 a4 14.Nc1 a3 15.b3 Ra5
16.Qe1 Nbd7 17.g4 d5 18.g5  1/2-1/2

[Event "43rd Open A Bosna 2013"]
[Site "Sarajevo BIH"]
[Date "2013.06.02"]
[Round "2.12"]
[White "Nestorovic,L"]
[Black "Antipov,M2"]
[Result "1/2-1/2"]
[WhiteElo "2380"]
[BlackElo "2478"]

1.e4 c5 2.Nf3 d6 3.d4 cxd4 4.Nxd4 Nf6 5.Nc3 a6 6.f3 e6 7.Be3 b5 8.Qd2 Nbd7
9.O-O-O Bb7 10.g4 Nb6 11.Bd3 Rc8 12.Kb1 d5 13.exd5 Nfxd5 14.Ne4 Nxe3 15.Qxe3 Nd5
16.Qe1 Be7 17.h4 Qb6 18.Ng5 Bf6 19.Ndxe6 fxe6 20.Nxe6 Kf7 21.Ng5+ Bxg5 22.hxg5 g6
23.Be4 Ne7 24.Bxb7 Qxb7 25.Qe5 Rhf8 26.Rxh7+ Ke8 27.Qe6 Rc7 28.Rxe7+ Rxe7
29.Qxg6+ Rff7 30.Qg8+ Rf8 31.Qg6+ Rff7 32.Qg8+  1/2-1/2

[Event "6th Mayors Cup 2013"]
[Site "Mumbai IND"]
[Date "2013.06.04"]
[Round "9"]
[White "Udeshi,A"]
[Black "Narayanan,SL"]
[Result "1-0"]
[WhiteElo "2416"]
[BlackElo "2396"]

1.e4 c5 2.Nf3 d6 3.d4 cxd4 4.Nxd4 Nf6 5.Nc3 a6 6.f3 e5 7.Nb3 Be6 8.Be3 h5
9.Qd2 Nbd7 10.O-O-O Rc8 11.Kb1 Be7 12.g3 b5 13.Nd5 Bxd5 14.exd5 Nb6 15.Bxb6 Qxb6
16.Bh3 Rc5 17.Rhe1 h4 18.Bf1 Rc7 19.f4 e4 20.Be2 hxg3 21.hxg3 Kf8 22.g4 e3
23.Qb4 Rh4 24.g5 Ng8 25.Rd4 a5 26.Qxb5 Qxb5 27.Bxb5 f6 28.g6 Nh6 29.Nxa5 Rg4
30.Nc6 Rxg6 31.a4 Nf5 32.Rb4 Rg4 33.Bd3 Nh4 34.Rxe3 Ng2 35.Rb8+ Kf7 36.Rxe7+ Rxe7
37.Nd8+  1-0

[Event "43rd Open A Bosna 2013"]
[Site "Sarajevo BIH"]
[Date "2013.06.05"]
[Round "6.6"]
[White "Nestorovic,L"]
[Black "Kozul,Z"]
[Result "0-1"]
[WhiteElo "2380"]
[BlackElo "2606"]

1.e4 c5 2.Nf3 d6 3.d4 cxd4 4.Nxd4 Nf6 5.Nc3 a6 6.f3 e5 7.Nb3 Be6 8.Be3 h5
9.Be2 Nbd7 10.O-O Rc8 11.Qd2 Be7 12.Rac1 Nb6 13.Rfd1 d5 14.exd5 Nbxd5 15.Nxd5 Nxd5
16.f4 exf4 17.Bxf4 O-O 18.c4 Nxf4 19.Qxf4 Bg5 20.Rxd8 Bxf4 21.Rxc8 Rxc8 22.Rc3 Be5
23.Rc2 g6 24.c5 Bf5 25.Rd2 Bf4 26.Rd1 Be3+ 27.Kf1 Bxc5 28.Bf3 Be3 29.Bxb7 Rc2
30.Nd4 Rf2+ 31.Ke1 Bg4 32.Rd3 Rxb2 33.Rxe3 Rxb7 34.Ra3 Rb1+ 35.Kf2 Rb2+ 36.Kg3 Bc8
37.Rc3 Bb7 38.Rc2 Rb4 39.Rd2 Ra4 40.Kf2 Ra3 41.Nb3 Kg7 42.Ke3 h4 43.Kf4 Ra4+
44.Ke5 Rg4 45.Nc5 Rg5+ 46.Kd6 Rxg2 47.Rxg2 Bxg2 48.Nxa6 g5  0-1

[Event "6th Mayors Cup 2013"]
[Site "Mumbai IND"]
[Date "2013.06.06"]
[Round "11"]
[White "Udeshi,A"]
[Black "Raghunandan,K"]
[Result "1-0"]
[WhiteElo "2416"]
[BlackElo "2059"]

1.e4 c5 2.Nf3 d6 3.d4 cxd4 4.Nxd4 Nf6 5.Nc3 a6 6.f3 e5 7.Nb3 Be6 8.Be3 Be7
9.Qd2 Nbd7 10.O-O-O h5 11.Kb1 Rc8 12.g3 b5 13.Nd5 Bxd5 14.exd5 Nb6 15.Bxb6 Qxb6
16.Bh3 Rc4 17.Rhe1 O-O 18.Re2 Bd8 19.f4 e4 20.Bg2 a5 21.Nd4 Nxd5 22.Nf5 Nf6
23.Nxd6 Rc5 24.Nxe4 Nxe4 25.Rxe4 Bf6 26.Qe2 Qc7 27.Re8 g6 28.Bd5 Kg7 29.Rxf8 Kxf8
30.c3 Qc8 31.a3 Qf5+ 32.Be4 Qe6 33.Bd3 Qb6 34.Qe4 Qc7 35.Bc2 Kg7 36.Bb3 Rxc3
37.Bxf7 Qxf7 38.bxc3 Qb3+ 39.Kc1 Qxc3+ 40.Qc2 Qxa3+ 41.Kd2 a4 42.Ke2 b4 43.Qc7+ Kh6
44.Qf7 Bg7  1-0